书目信息 |
| 题名: |
电路名校考研真题详解
|
|
| 作者: | 金圣才 主编 | |
| 分册: | ||
| 出版信息: | 北京 中国水利水电出版社 2010 |
|
| 页数: | 285 | |
| 开本: | 20 | |
| 丛书名: | ||
| 单 册: | ||
| 中图分类: | TM134.4 | |
| 科图分类: | ||
| 主题词: | ||
| 电子资源: | ||
| ISBN: | 978-7-5084-7380-2 | |
| 000 | 00566nam0 2200169 450 | |
| 001 | 202410181453697699 | |
| 005 | 20241018183554.32 | |
| 010 | @a978-7-5084-7380-2@d35 | |
| 100 | @a20241018d km y0chiy0120 ea | |
| 101 | 0 | @achi |
| 200 | 1 | @a电路名校考研真题详解@ADian Lu Ming Xiao Kao Yan Zhen Ti Xiang Jie@f金圣才主编@FJin Sheng Cai Zhu Bian |
| 210 | @a北京@c中国水利水电出版社@d2010 | |
| 215 | @a285@d20 | |
| 690 | @aTM134.4@v4 | |
| 701 | 0 | @a金圣才@AJin Sheng Cai@4主编 |
| 801 | 0 | @aCN@b大连网信软件有限公司图书馆·11@c20241018 |
| 905 | @aZUCC@b7202679@dTM134.4@e228@f1 | |
| 电路名校考研真题详解/金圣才主编.-北京:中国水利水电出版社,2010 |
| 285;20 |
| ISBN 978-7-5084-7380-2:35 |
| ● |
| 相关链接 |
|
|
|
|
正题名:电路名校考研真题详解
索取号:TM134.4/228
 
预约/预借
| 序号 | 登录号 | 条形码 | 馆藏地/架位号 | 状态 | 备注 |
| 1 | 7202679 | 272026791 | 密集书库-物理学院/ [索取号:TM134.4/228] | 在馆 |